000 01358nam0a22003011 4500
001 rc\2206652
005 20110829165638.4
035 _a(NLR Aleph) 006695145
090 _a5186266
_c5186266
100 _a20110829d1979 |||y0rusy50 ca
101 0 _arus
102 _aRU
105 _aa z |||||
200 1 _aПерспективы применения линейных электродвигателей на новых видах транспорта
_e[Сб. статей]
_fУкр. НИИ НТИ и техн.-экон. исслед.
_gПод общ. ред. Г.И. Ижели и др.
210 _aКиев
_cУкрНИИНТИ
_d1979
215 _a173 с.
_cил.
_d20
320 _aБиблиогр. в конце статей
606 _aТранспортные средства
_jСборники
_xЭлектрооборудование
_2psbo
606 _aЭлектродвигатели линейные
_jСборники
_2psbo
702 1 _aИжеля
_bГ. И.
_gГеоргий Игнатьевич
_4340
712 0 2 _aУкраинский НИИ науч.-техн. информации и техн.-экон. исследований
_cКиев
801 0 _aRU
_bNLR
_gpsbo
801 1 _aRU
_bELAR
_2rusmarc
852 _aNLR
_j79-3/6832
899 _aRuMoRGB
_jБ 79-19/376
899 _aRuMoRGB
_jБ 79-19/377
942 _cBOOK
980 _aNB